Women in History: Picture Click II Quiz Stats

 Plays Quiz Updated Jun 15, 2017

Support Sporcle.
Go Orange.
Score 0/24 Timer 05:00
2 Plays Today
% Correct
Princess Diana
96.7%
Oprah Winfrey
96.1%
Hillary Clinton
95.6%
Queen Elizabeth II
94.4%
Angela Merkel
90.7%
Cleopatra
88.8%
Malala Yousafzai
82.2%
Frida Kahlo
81.3%
Indira Gandhi
80.9%
Coco Chanel
73.8%
Golda Meir
70%
Eva Perón
68.6%
% Correct
Wangari Maathai
60.8%
Mirabai
57.1%
Boudicca
52%
Sappho
51.6%
Shirin Ebadi
42.1%
Elizabeth Cady Stanton
41.9%
Margaret Sanger
40.1%
Dorothea Dix
38.2%
Olympe de Gouges
35%
Mary Wollstonecraft
33.7%
Ada Lovelace
33.1%
Elizabeth Blackwell
31.1%

You're not logged in!

Compare scores with friends on all Sporcle quizzes.
OR
Log In
Forgot?

From the Vault

Food Typing Challenge

by THEJMAN

Try not to spill food on your keyboard.
Remove Ads.
Support Sporcle.
Get the best of Sporcle when you Go Orange. This ad-free experience offers more features, more stats, and more fun while also helping to support Sporcle. Thank you for becoming a member.

Show Comments

Extras

Top Quizzes Today


Score Distribution

Your Account Isn't Verified!

In order to create a playlist on Sporcle, you need to verify the email address you used during registration. Go to your Sporcle Settings to finish the process.

Report this User

Report this user for behavior that violates our Community Guidelines.

Details: